On colonialism

保存先:
書誌詳細
第一著者: Marx, Karl
フォーマット: 図書
言語:Undetermined
出版事項: Moscow Progress 1968
主題:
タグ: タグ追加
タグなし, このレコードへの初めてのタグを付けませんか!
Thư viện lưu trữ: Trung tâm Học liệu Trường Đại học Cần Thơ
LEADER 00451nam a2200181Ia 4500
001 CTU_88683
008 210402s9999 xx 000 0 und d
082 |a 325.3 
082 |b M392 
100 |a Marx, Karl 
245 0 |a On colonialism 
245 0 |c Karl Marx, Frederick Engels 
260 |a Moscow 
260 |b Progress 
260 |c 1968 
650 |a Colonies 
904 |i Năm,Hải 
980 |a Trung tâm Học liệu Trường Đại học Cần Thơ